00609nam a22001817a 450000500170000001000150001702000260003203500140005803700090007208200120008110000280009324500570012126000440017827001390022230000210036194200260038299900190040820250904110011.0 aENG-146622 a9789363479623c349.00 aEN-130154 bDBAD a324.209 aPandit, M Saleem984691 aFootprints of Hindutva in Kashmir/cM Saleem Pandit  aHaryanabBigfoot PublicationcAug, 2024 a1st floor, BSR Building near Vishal Mega Mart, Daultabad flyover, Laxman Vihar, GurugrambHaryanaminfo@bigfootpublications.ine122001 a248p.c23cm(pbk) 2ddccENh324.209mPAN c213312d213312